| 000 | 00745nam a2200217 a 4500 | ||
|---|---|---|---|
| 005 | 20210219160112.0 | ||
| 008 | 080801s1982 mx r 000 0 spa d | ||
| 035 | _aUPN01000158695 | ||
| 049 | _aUNE | ||
| 080 | _a391/397 (7/8) NAJ No.2. | ||
| 100 | 1 | _aNajenson, José Luis | |
| 245 | 1 | 0 |
_aEtnia, clase y nación en América Latina / _cJosé Luis Najenson. |
| 260 |
_aMéxico : _bFLACSO, _c1982. |
||
| 300 | _a27 p. | ||
| 440 | 0 |
_aSerie A: Ideología y Cultura ; _v2 |
|
| 500 | _aPonencia presentada en el Seminario Interno de Profesores de FLACSO, México, 1982 | ||
| 690 | _aGrupos étnicos - América Latina | ||
| 690 | _aRelaciones interétnicas - América Latina | ||
| 690 | _aAmérica Latina - Grupos étnicos | ||
| 905 | _aUNESCO | ||
| 999 |
_c130809 _d130809 |
||